[Event "XLIII WJun"]
[Site "Kochin IND"]
[Date "2004.11.21"]
[Round "3"]
[White "Jaiswal,P"]
[Black "Nadj Hedjesi,B"]
[Result "1/2-1/2"]
[WhiteElo "2212"]
[BlackElo "2337"]

1.d4 d5 2.Nf3 Nf6 3.c4 c6 4.Nc3 e6 5.e3 Nbd7 6.Bd3 Bd6 7.O-O O-O 8.e4 dxc4
9.Bxc4 e5 10.dxe5 Nxe5 11.Nxe5 Bxe5 12.Qxd8 Rxd8 13.Bg5 h6 14.Bxf6 Bxf6 15.Rad1 Bd7
16.h3 Be8 17.f4 Rxd1 18.Rxd1 Rd8 19.e5 Rxd1+ 20.Nxd1 Be7 21.Kf2 Kf8 22.Kf3 Bd8
23.Ne3 Bd7 24.g4 a5 25.Bd3 Bc7 26.Bf5 Be8 27.Bc8 b5 28.Ke4 g6 29.h4 Ke7 30.h5 Kd8
31.hxg6 fxg6 32.Be6 Bb6 33.f5 Bxe3 34.Kxe3 gxf5 35.gxf5 Bd7 36.Bxd7 Kxd7
37.Kd4 h5 38.Ke4 h4 39.e6+ Kd6 40.Kf4 c5 41.Kg4 c4 42.Kxh4 b4 43.Kg5 Ke7
44.Kf4 a4 45.Ke5 c3 46.f6+ Ke8 47.bxc3 bxc3 48.Kd6 c2 49.f7+ Kf8 50.Kd7 c1=Q
51.e7+ Kxf7 52.e8=Q+ Kf6  1/2-1/2

[Event "XLIII WJun"]
[Site "Kochin IND"]
[Date "2004.11.22"]
[Round "5"]
[White "Jianu,V"]
[Black "Nadj Hedjesi,B"]
[Result "1-0"]
[WhiteElo "2444"]
[BlackElo "2337"]

1.d4 d5 2.c4 c6 3.Nc3 Nf6 4.e3 e6 5.Nf3 Nbd7 6.Bd3 dxc4 7.Bxc4 b5 8.Bd3 Bd6
9.O-O O-O 10.b3 e5 11.Ne4 Nxe4 12.Bxe4 Bb7 13.dxe5 Nxe5 14.Nxe5 Bxe5 15.Bxh7+ Kxh7
16.Qh5+ Kg8 17.Qxe5 Re8 18.Qf4 c5 19.Bb2 Qd2 20.Bxg7 Kxg7 21.Qg5+ Kf8 22.Qxc5+ Kg8
23.Qg5+ Kf8 24.Qc5+ Kg8 25.Rad1 Qb2 26.Rd4 Re6 27.Rg4+ Rg6 28.Rxg6+ fxg6
29.Qxb5 Qg7 30.Rd1 Rf8 31.Qc4+ Kh7 32.Qh4+ Kg8 33.Qc4+ Kh7 34.f3 Qe7 35.Qd4 Bc6
36.Kf2 Rf7 37.Rd2 Qg5 38.Qc4 Re7 39.Qd4 Rd7 40.Qb4 Rf7 41.Rd4 Be8 42.Rh4+ Kg8
43.Qd4 Rg7 44.Re4 Bc6 45.Re5 Qh6 46.Qc4+ Kh7 47.Qxc6 Qh4+ 48.Kf1 Qxh2 49.Qe4 Rf7
50.Re7  1-0

[Event "XLIII WJun"]
[Site "Kochin IND"]
[Date "2004.11.22"]
[Round "6"]
[White "Bhatti,R"]
[Black "Jaiswal,P"]
[Result "1/2-1/2"]
[WhiteElo "2195"]
[BlackElo "2212"]

1.d4 d5 2.c4 c6 3.Nf3 Nf6 4.Nc3 e6 5.e3 Nbd7 6.Qc2 Bd6 7.Be2 O-O 8.O-O Qe7
9.e4 dxe4 10.Nxe4 Nxe4 11.Qxe4 e5 12.Bg5 Qe6 13.c5 Bc7 14.Bd3 Qg6 15.Qe2 Qh5
16.Be7 Re8 17.Bh4 Nf8 18.Bg3 Bg4 19.dxe5 Nd7 20.Qd2 Rad8 21.e6 Nxc5 22.exf7+ Qxf7
23.Ng5 Rxd3 24.Qxd3 Nxd3 25.Nxf7 Be2 26.Bxc7 Bxf1 27.Nd6 Re7 28.Kxf1 Rxc7
29.b3 Rd7 30.Nc4 b5 31.Ne3 Rf7 32.Rd1 Rd7 33.g3 Ne5 34.Rc1 Rd2 35.Rc5 Nd3
36.Rxc6 Rxf2+ 37.Kg1 Rxa2 38.Rc8+ Kf7 39.Rc7+ Kf6 40.Ng4+ Kg6 41.Rc3 h5 42.Rxd3 hxg4
43.Rd4 a5 44.Rxg4+ Kf6 45.Rd4 b4 46.Rd6+ Ke5 47.Rb6 Kd4 48.Rb7 Kc3 49.h4 Kxb3
50.Rxg7 Kc4 51.Rc7+ Kd5 52.Rb7 Kc6 53.Rb8 Kc7 54.Rb5 Kc6 55.Rb8 Rd2 56.h5  1/2-1/2

[Event "Stek Cup"]
[Site "Tula RUS"]
[Date "2004.11.23"]
[Round "7"]
[White "Poletov,V"]
[Black "Zhavoronkov,E"]
[Result "1/2-1/2"]
[WhiteElo "2371"]
[BlackElo "2279"]

1.d4 d5 2.c4 c6 3.Nc3 Nf6 4.e3 e6 5.Nf3 Bd6 6.Bd2 O-O 7.Be2 dxc4 8.Bxc4 b5
9.Bb3 a6 10.O-O Bb7 11.Rc1 Nbd7  1/2-1/2

[Event "Acropolis WGM Open"]
[Site "Athens GRE"]
[Date "2004.11.24"]
[Round "9"]
[White "Foisor,M"]
[Black "Stoumbou,E"]
[Result "0-1"]
[WhiteElo "1929"]
[BlackElo "1854"]

1.d4 Nf6 2.Nf3 e6 3.c4 d5 4.Nc3 c6 5.e3 Nbd7 6.Qc2 Bd6 7.Be2 O-O 8.O-O dxc4
9.Bxc4 Qc7 10.e4 e5 11.dxe5 Nxe5 12.Nxe5 Bxe5 13.h3 Re8 14.Re1 b5 15.Bd3 Bb7
16.Bg5 Re6 17.Rad1 a6 18.Qc1 c5 19.Nd5 Nxd5 20.exd5 Bh2+ 21.Kf1 Rxe1+ 22.Rxe1 Bxd5
23.Qd1 Qc6 24.Qg4 Bc7 25.Be4 Bxe4 26.Rxe4 h6 27.Bh4 Ba5 28.Kg1 c4 29.Re7 c3
30.bxc3 Bxc3 31.Qf4 Qd5 32.a3 Bb2 33.Qb4 Be5 34.Qg4 Rd8 35.Bg3 Qd1+ 36.Qxd1 Rxd1+
37.Kh2 Bxg3+ 38.fxg3 Rd3 39.a4 bxa4 40.Re5 a3 41.Ra5 Kf8 42.Rxa6 Ke7 43.g4 Kd7
44.h4 Kc7 45.g5 Kb7 46.Ra4 hxg5 47.hxg5 Kb6 48.g4 Rd2+ 49.Kh3 a2 50.Kh4 Kb5
51.Ra8 Kb4 52.g6 fxg6 53.Kg5 Rg2 54.Ra7 Kb3 55.Rb7+ Kc2 56.Ra7 Kb1 57.Rb7+ Rb2
58.Ra7 a1=Q 59.Rxa1+ Kxa1 60.Kxg6 Rg2  0-1

[Event "Acropolis WGM Open"]
[Site "Athens GRE"]
[Date "2004.11.24"]
[Round "9"]
[White "Foisor,C"]
[Black "Trabert,B"]
[Result "1-0"]
[WhiteElo "2436"]
[BlackElo "2331"]

1.c4 c6 2.Nf3 d5 3.e3 Nf6 4.Nc3 e6 5.d4 Nbd7 6.Qc2 Bd6 7.g4 Bb4 8.Bd2 Qe7
9.Rg1 dxc4 10.Bxc4 Nd5 11.g5 f5 12.gxf6 Qxf6 13.Ng5 Nf8 14.O-O-O Bd7 15.Kb1 Bxc3
16.Ne4 Qe7 17.bxc3 O-O-O 18.Bc1 e5 19.Ka1 Ng6 20.Nc5 Rhf8 21.Qb3 Nb6 22.Ba3 Qh4
23.Nxd7 Rxd7 24.Bxf8 Nxf8 25.Be6 Nxe6 26.Qxe6 exd4 27.Rxg7 Qxf2 28.Rg8+ Kc7
29.Qe5+ Rd6 30.Rg7+ Nd7 31.Rxd4  1-0

[Event "17th Belgrade Trophy"]
[Site "Obrenovac SCG"]
[Date "2004.11.24"]
[Round "3"]
[White "Guidarelli,L"]
[Black "Stojanovic,Mih"]
[Result "1/2-1/2"]
[WhiteElo "2422"]
[BlackElo "2504"]

1.Nf3 d5 2.d4 Nf6 3.c4 e6 4.Nc3 c6 5.e3 Nbd7 6.Bd3 Be7 7.O-O O-O 8.Qe2 Qc7
9.e4 dxe4 10.Nxe4 b6  1/2-1/2

[Event "Petrosian Mem Open"]
[Site "Yerevan ARM"]
[Date "2004.11.24"]
[Round "6"]
[White "Bagaturov,G"]
[Black "Khachatryan,V"]
[Result "0-1"]
[WhiteElo "2451"]
[BlackElo "2317"]

1.d4 d5 2.c4 c6 3.Nf3 Nf6 4.Nc3 e6 5.e3 Nbd7 6.Bd3 dxc4 7.Bxc4 b5 8.Bd3 Bb7
9.O-O b4 10.Ne4 Be7 11.Nxf6+ Nxf6 12.e4 O-O 13.Qc2 h6 14.e5 Nd7 15.Be4 Qb6
16.Be3 c5 17.dxc5 Bxc5 18.Rad1 Bxe4 19.Qxe4 Rad8 20.Nd4 Nb8 21.Nc2 Bxe3 22.Nxe3 Qa5
23.h3 Nd7 24.f4 Nc5 25.Qc2 Rc8 26.Nc4 Na4 27.b3 Qc5+ 28.Qf2 Nc3 29.Qxc5 Rxc5
30.Rd2 a5 31.Nd6 Ra8 32.Rff2 a4 33.Rd4 Nd5 34.bxa4 Rc1+ 35.Kh2 Rxa4 36.f5 Ra1
37.Rc4 Ra8 38.fxe6 fxe6 39.Rg4 R1xa2 40.Rf7 g5 41.h4 Ne3 42.Rg3 Nf5 43.Rxf5 exf5
44.hxg5 R2a3 45.gxh6+ Rxg3 46.Kxg3 b3 47.Nc4 Re8 48.Nd2 b2 49.e6 Rxe6  0-1

[Event "RusFed Internet Blitz Cup"]
[Site "ChessAssistantClub INT"]
[Date "2004.11.25"]
[Round "11"]
[White "Rustemov,A"]
[Black "Vysochin,S"]
[Result "1-0"]
[WhiteElo "2602"]
[BlackElo "2582"]

1.d4 d5 2.c4 c6 3.Nc3 Nf6 4.e3 e6 5.Nf3 a6 6.Qc2 Nbd7 7.b3 Bb4 8.Bd3 O-O
9.O-O Qe7 10.Bb2 h6 11.e4 dxe4 12.Nxe4 Nxe4 13.Bxe4 Nf6 14.Bd3 Bd6 15.Rfe1 b5
16.c5 Bc7 17.Re2 Nd5 18.Be4 a5 19.a3 Ba6 20.Ree1 b4 21.a4 Rfd8 22.g3 Rac8
23.Kg2 Bb8 24.Rad1 Nf6 25.h4 Nxe4 26.Rxe4 Rd5 27.Rde1 Rcd8 28.Bc1 Qf6 29.Bf4 Rf5
30.Be5 Bxe5 31.Nxe5 Rxe5 32.dxe5 Qf5 33.Qc1 Bd3 34.Rf4 Qg6 35.Qe3 Rd5 36.Rd4 Rxd4
37.Qxd4 Kh7 38.h5 Qf5 39.g4 Be4+ 40.Qxe4  1-0

[Event "17th Belgrade Trophy"]
[Site "Obrenovac SCG"]
[Date "2004.11.25"]
[Round "4"]
[White "Damjanovic,D"]
[Black "Krgovic,V"]
[Result "1-0"]
[WhiteElo "2321"]
[BlackElo "2152"]

1.d4 d5 2.c4 e6 3.Nc3 Nf6 4.Nf3 c6 5.e3 Nbd7 6.Bd3 dxc4 7.Bxc4 b5 8.Bd3 a6
9.O-O c5 10.e4 cxd4 11.Nxd4 Bc5 12.Nb3 Qc7 13.Qe2 Bb7 14.a3 O-O 15.Nxc5 Nxc5
16.Bc2 Rac8 17.Bg5 Qe5 18.Qe3 Rfd8 19.h3 h6 20.Bh4 Rd7 21.Rad1 Rxd1 22.Rxd1 Ncd7
23.Rd2 Qh5 24.Bxf6 Nxf6 25.Qb6 Rxc3 26.bxc3 Bxe4 27.Bxe4 Nxe4 28.Rd8+ Kh7
29.Qe3 Nc5 30.g4 Qg5 31.Qxg5 hxg5 32.f3 Kg6 33.Rd6 Kf6 34.Rc6 Na4 35.Kf2 Ke5
36.Ke3 Kd5 37.Rc7 f6 38.Rxg7 Nxc3 39.Ra7 Nd1+ 40.Kd2 Nf2 41.Rxa6 Nxh3 42.Rb6 Nf4
43.Rxb5+ Kc4 44.Rb8 f5 45.Rb4+  1-0

[Event "Petrosian Mem Open"]
[Site "Yerevan ARM"]
[Date "2004.11.25"]
[Round "7"]
[White "Skatchkov,P"]
[Black "Khachatryan,V"]
[Result "1/2-1/2"]
[WhiteElo "2516"]
[BlackElo "2317"]

1.d4 d5 2.c4 c6 3.Nc3 Nf6 4.Nf3 e6 5.e3 Nbd7 6.Bd3 dxc4 7.Bxc4 b5 8.Bd3 Bb7
9.O-O b4 10.Na4 c5 11.e4 cxd4 12.e5 Nd5 13.Nxd4 Nxe5 14.Bb5+ Nd7 15.Re1 Rc8
16.Qg4 Nf6 17.Qe2 Be7 18.Bg5 Bd5 19.Rad1 O-O 20.Nf5 h6 21.Nxe7+ Qxe7 22.Rxd5 hxg5
23.Rxg5 Qd6 24.Bxd7 Qxd7 25.Nc5  1/2-1/2

[Event "National Chess Congress"]
[Site "Philadephia USA"]
[Date "2004.11.26"]
[Round "1"]
[White "Bonin,J"]
[Black "Mayer,Stev"]
[Result "1-0"]
[WhiteElo "2342"]
[BlackElo "2166"]

1.c4 e6 2.Nf3 Nf6 3.d4 d5 4.Nc3 c6 5.e3 Nbd7 6.Qc2 Bd6 7.Be2 O-O 8.O-O dxc4
9.Bxc4 b5 10.Bd3 Bb7 11.e4 e5 12.dxe5 Nxe5 13.Nxe5 Bxe5 14.h3 h6 15.Be3 Bd4
16.Bxd4 Qxd4 17.Rad1 Qc5 18.Kh1 Rad8 19.f4 Qe7 20.e5 Nd5 21.Nxd5 Rxd5 22.Bh7+ Kh8
23.Rxd5 cxd5 24.Bd3 Rc8 25.Qf2 a6 26.Re1 Qc5 27.Qg3 Qd4 28.e6 fxe6 29.Qg6 Kg8
30.Qxe6+ Kf8 31.Bg6 Qf6 32.Qe8+  1-0

[Event "Bundesliga 2004-5"]
[Site "Preetzer GER"]
[Date "2004.11.26"]
[Round "7"]
[White "Kempinski,R"]
[Black "Rasmussen,K"]
[Result "1/2-1/2"]
[WhiteElo "2608"]
[BlackElo "2462"]

1.d4 d5 2.c4 c6 3.Nc3 Nf6 4.e3 e6 5.Nf3 Nbd7 6.Qc2 b6 7.Rb1 Be7 8.b4 O-O
9.Bd2 c5 10.bxc5 bxc5 11.cxd5 exd5 12.Be2 Nb6 13.dxc5 Bxc5 14.O-O Bg4 15.Rfc1 Rc8
16.Ba6 Rc6 17.Bb5 Re6 18.Nd4 Bxd4 19.exd4 Nc4 20.Bxc4 dxc4 21.Be3 Bh5 22.Qa4 Ng4
23.Qxc4 Qh4 24.Qc7 Nxe3 25.fxe3 Rxe3 26.Nd5 Re4 27.Rf1 h6 28.Rf4 Re1+ 29.Rxe1 Qxe1+
30.Rf1 Qe4 31.Qc5 Re8 32.h3 Be2 33.Rf2 Ba6 34.Kh2 Bb7 35.Nc3 Qe3 36.Qf5 Qe6
37.Qf4 Rd8 38.Rb2 Bd5 39.Rb8 Rxb8 40.Qxb8+ Kh7 41.Nxd5 Qxd5 42.Qxa7 Qd6+
43.Kh1 Qf4 44.d5 Qc1+ 45.Qg1 Qd2 46.Qb1+ g6 47.Qe4 Qxa2 48.d6 Qa1+ 49.Kh2 Qf6
50.Qd3 Qe5+ 51.Kg1 Qa1+ 52.Kf2 Qb2+ 53.Kf1 Qa1+ 54.Ke2 Qe5+ 55.Kf3 Qf6+ 56.Ke2 Qe5+
57.Kd1 Qa1+ 58.Kc2 Qa2+ 59.Kc3 Qa3+ 60.Kc4 Qa6+ 61.Kc3 Qa3+ 62.Kd2 Qb2+ 63.Ke3 Qe5+
64.Kf2 Qf6+ 65.Kg1 Qa1+ 66.Kh2 Qe5+ 67.Kg1  1/2-1/2

[Event "Bundesliga 2004-5"]
[Site "Stuttgart GER"]
[Date "2004.11.26"]
[Round "7"]
[White "Berezovsky,I"]
[Black "Ribli,Z"]
[Result "1/2-1/2"]
[WhiteElo "2434"]
[BlackElo "2603"]

1.d4 d5 2.c4 c6 3.Nc3 Nf6 4.e3 e6 5.Nf3 Nbd7 6.Qc2 Bd6 7.g4 dxc4 8.Bxc4 e5
9.g5 Nd5 10.Bd2 O-O 11.Ne4 Qe7  1/2-1/2

[Event "XLIII WJun"]
[Site "Kochin IND"]
[Date "2004.11.27"]
[Round "11"]
[White "Harikrishna,P"]
[Black "Smeets,J"]
[Result "1-0"]
[WhiteElo "2612"]
[BlackElo "2515"]

1.c4 c6 2.Nf3 d5 3.e3 Nf6 4.Nc3 e6 5.d4 Nbd7 6.Bd3 dxc4 7.Bxc4 b5 8.Be2 Bb7
9.O-O Be7 10.a3 a5 11.Bd2 O-O 12.Qc2 Qb6 13.Rfc1 Rfc8 14.Qd1 Qd8 15.Qe1 Bd6
16.Ng5 h6 17.Nge4 Nxe4 18.Nxe4 Bxh2+ 19.Kxh2 Qh4+ 20.Kg1 Qxe4 21.Bxa5 Qg6
22.Bc3 c5 23.f3 cxd4 24.Bxd4 e5 25.Rxc8+ Rxc8 26.Bc3 e4 27.f4 Nc5 28.Qh4 Nd3
29.Qg4 Qxg4 30.Bxg4 Ra8 31.Rd1 Bd5 32.Be2 Bb3 33.Rd2 Rd8 34.g4 f6 35.Bf1 Kf7
36.Bg2 Bd5 37.Kh2 h5 38.Ba5 Rd7 39.gxh5 g6 40.Bh3 Ra7 41.hxg6+ Kxg6 42.Rg2+ Kf7
43.Bc3 Be6 44.f5 Bd7 45.Rg6 Nf2 46.Rxf6+ Ke7 47.Rg6 Nxh3 48.Rg7+ Ke8 49.f6 Nf2
50.f7+  1-0

[Event "17th Belgrade Trophy"]
[Site "Obrenovac SCG"]
[Date "2004.11.27"]
[Round "6"]
[White "Gavrilovic,L"]
[Black "Sajic,V"]
[Result "1-0"]
[WhiteElo "2238"]
[BlackElo "2117"]

1.d4 d5 2.c4 c6 3.Nc3 Nf6 4.e3 e6 5.Nf3 Bd6 6.Qc2 Nbd7 7.Be2 O-O 8.O-O dxc4
9.Bxc4 e5 10.Rd1 Qe7 11.h3 e4 12.Ng5 Nb6 13.Bb3 Bf5 14.f3 Bg6 15.Ngxe4 Nxe4
16.Nxe4 Rfe8 17.Qf2 Bc7 18.Nc3 Kh8 19.e4 Rad8 20.Be3 Nd7 21.Rd2 Rf8 22.g4 Rde8
23.Re2 Rd8 24.Rd1 Ba5 25.Rc1 Rfe8 26.a3 Nf8 27.Ba2 Ne6 28.Na4 Bc7 29.Bxe6 fxe6
30.h4 h6 31.h5 Bh7 32.Nc5 b6 33.Na6 Rf8 34.Qg2 Bf4 35.Nb4 Bxe3+ 36.Rxe3 Qg5
37.Rce1 Rxd4 38.Nxc6 Rc4 39.Nb4 Rd8 40.Rd3 a5 41.Red1 Rdc8 42.Na2 b5 43.Qd2 Qh4
44.Rd8+ Bg8 45.Rxc8 Rxc8 46.Kg2 e5 47.Nc3 Bb3 48.Qd7 Rf8 49.Qd6 Kg8 50.Rd2 Qg5
51.Nxb5 Bc4 52.Nc3 Qe3 53.Rf2 Qf4 54.Nd5 Bxd5 55.Qxd5+ Kh7 56.Qxa5 Rc8 57.Qd2 Qf6
58.Qd7 Rd8 59.Qf5+ Qxf5 60.gxf5 Rb8 61.b4 Kg8 62.Rb2 Kf7 63.b5 Ke7 64.b6 Kd7
65.b7 Kc7 66.Kg3 Kc6 67.a4 Kc5 68.a5 Kc6 69.a6  1-0

[Event "17th Belgrade Trophy"]
[Site "Obrenovac SCG"]
[Date "2004.11.27"]
[Round "6"]
[White "Mateuta,G"]
[Black "Skare,G"]
[Result "1/2-1/2"]
[WhiteElo "2472"]
[BlackElo "2312"]

1.d4 d5 2.c4 c6 3.Nc3 Nf6 4.e3 e6 5.Nf3 Nbd7 6.Qc2 b6 7.b3 Bb7 8.Bb2 Be7
9.Bd3 Rc8 10.O-O O-O 11.Rfd1 h6 12.Qe2 Bd6 13.Rac1 Qe7 14.cxd5 exd5 15.Bf5 Rce8
16.g3 g6 17.Bh3 Kh7 18.Qc2 Qd8 19.Nd2 Be7 20.a3 b5 21.e4 dxe4 22.Ndxe4 Nxe4
23.Nxe4 f5 24.Nc5 Nxc5 25.dxc5 Qc7 26.Re1 Bd8 27.f4 Bc8 28.Bg2 Rxe1+ 29.Rxe1 Bf6
30.b4 a6 31.h4 Qg7 32.Be5 Bxe5 33.Rxe5 g5 34.hxg5 hxg5 35.Qe2 gxf4 36.gxf4 Bd7
37.Kf2 Rf7 38.Qh5+ Kg8 39.Bh3 Rf6 40.Qg5 Qxg5 41.fxg5 Rf7 42.Re3 Kg7 43.Rd3 Kg6
44.Rd6+ Kxg5 45.Bg2 Kf4 46.Bxc6 Bxc6 47.Rxc6 Ra7 48.Rb6 Ke4 49.c6 Kd5 50.Rb7 Ra8
51.c7 Rc8 52.Ra7 Kc6 53.Rxa6+ Kb7 54.Rf6 Rxc7 55.Rxf5 Rc2+ 56.Ke1 Kb6 57.Rf6+ Kb7
58.Rf3 Kb6 59.Kd1 Rh2 60.Rc3 Rg2 61.Kc1 Rh2 62.Rc2 Rh6 63.Kb2 Rg6 64.Rd2 Rh6
65.Kc3 Rc6+ 66.Kb3 Rh6 67.Rd3 Rg6 68.Kc3 Rh6 69.Re3 Rd6 70.Re5 Ka6 71.Re4 Kb6
72.Rd4 Rh6 73.Rd3 Rh4 74.Re3 Rh6 75.Kd4 Rd6+ 76.Ke5 Rd1 77.Ke6 Rd2 78.Ke5 Rd1
79.Rf3 Re1+ 80.Kd4 Rd1+ 81.Rd3 Re1 82.Kd5 Re8 83.Rf3 Rd8+ 84.Ke5 Re8+ 85.Kd6 Re1
86.Rd3 Rh1 87.Kd7 Rh7+ 88.Kc8 Rc7+ 89.Kb8 Rb7+ 90.Kc8 Rc7+ 91.Kd8 Rc1 92.Rd6+ Kb7
93.Rd5 Kb6 94.Rd3  1/2-1/2

[Event "Petrosian Mem Open"]
[Site "Yerevan ARM"]
[Date "2004.11.27"]
[Round "9"]
[White "Lomineishvili,M"]
[Black "Khachatryan,V"]
[Result "1-0"]
[WhiteElo "2429"]
[BlackElo "2317"]

1.d4 d5 2.c4 c6 3.Nc3 Nf6 4.e3 e6 5.Nf3 Nbd7 6.Bd3 Bd6 7.O-O O-O 8.e4 dxc4
9.Bxc4 e5 10.Bg5 h6 11.Bh4 Qe7 12.d5 Nb6 13.Bb3 cxd5 14.exd5 Bg4 15.Re1 Nbd7
16.Qd3 Nc5 17.Qe3 e4 18.Nd2 g5 19.Bxg5 hxg5 20.Qxg5+ Kh7 21.Qh4+ Kg6 22.Ndxe4 Nfxe4
23.Qxg4+ Qg5 24.Rxe4 Nxe4 25.Qxe4+ Kg7 26.h3 Rae8 27.Qg4 Qxg4 28.hxg4 Kf6
29.Bc2 Bb4 30.Ne4+ Ke5 31.a3 Rc8 32.Bd3 Bc5 33.Nc3 Bd4 34.Bf5 Bxc3 35.Bxc8 Bxb2
36.Re1+ Kxd5 37.Bxb7+ Kd6 38.a4 Rb8 39.Rd1+ Ke5 40.Rd5+ Kf6 41.Rb5 Bd4 42.a5 Rg8
43.Rf5+ Ke7 44.g5 Bc3 45.Bd5 Rg7 46.a6 f6 47.gxf6+ Bxf6 48.Bf3 Rg5 49.Rxg5 Bxg5
50.Bb7 Kf6 51.g3 Kf5 52.Kg2 Bd2 53.Bc8+ Ke4 54.Bb7+ Kf5 55.Kf3 Bb4 56.Bc8+ Kg5
57.Ke4 Kf6 58.f4 Be7 59.g4 Bd8 60.Bd7 Ke7 61.Bf5 Kf6 62.g5+ Kf7 63.Bd7 Ke7
64.Bb5 Kf7 65.Kf5 Bc7 66.Kg4 Kg7 67.f5 Bd8 68.Kf4 Be7 69.Bf1 Bd8 70.Bh3 Bc7+
71.Kg4 Bd8 72.Bg2 Kf7 73.Kf4 Bc7+ 74.Ke4 Bd8 75.f6 Kg6 76.Kf4 Bc7+ 77.Kg4 Be5
78.Be4+  1-0

[Event "Petrosian Mem Open"]
[Site "Yerevan ARM"]
[Date "2004.11.27"]
[Round "9"]
[White "Sargissian,G"]
[Black "Yegiazarian,A"]
[Result "1-0"]
[WhiteElo "2611"]
[BlackElo "2519"]

1.d4 d5 2.c4 c6 3.Nf3 Nf6 4.e3 e6 5.Nc3 Nbd7 6.Qc2 Be7 7.b3 O-O 8.Bd3 b6
9.O-O Bb7 10.Bb2 Qc7 11.Ne5 Nxe5 12.dxe5 dxc4 13.bxc4 Ng4 14.Bxh7+ Kh8 15.Qe2 f5
16.h3 Kxh7 17.hxg4 Qxe5 18.g5 Rh8 19.Nd5 Qd6 20.Be5 Qd7 21.Nc7 Kg6 22.Rad1 Qc8
23.Nxa8 Bxa8 24.Qd3 Rd8 25.Qc3 Rg8 26.Qd3 Rd8 27.Qc2 Rh8 28.e4 Rh5 29.exf5+ exf5
30.f3 Qh8 31.Rd7 Rh1+ 32.Kf2 Bc5+ 33.Bd4 Qh4+ 34.Ke2 Bxd4 35.Rd6+ Kxg5 36.f4+ Kh5
37.Qxf5+  1-0

[Event "17th Belgrade Trophy"]
[Site "Obrenovac SCG"]
[Date "2004.11.28"]
[Round "7"]
[White "Jokic,Mio"]
[Black "Jovanovic,De"]
[Result "1-0"]
[WhiteElo "2208"]
[BlackElo "2070"]

1.d4 d5 2.c4 c6 3.Nc3 Nf6 4.Nf3 e6 5.e3 Bd6 6.Bd3 O-O 7.O-O Nbd7 8.a3 h6
9.e4 dxe4 10.Nxe4 Bc7 11.Qe2 Re8 12.Nxf6+ Qxf6 13.b3 c5 14.Bb2 cxd4 15.Bxd4 Qf4
16.Qe4 Qxe4 17.Bxe4 e5 18.Bc3 Nf6 19.Bc2 Bg4 20.Nd2 Rad8 21.h3 Be2 22.Rfe1 Bd3
23.Bd1 Nd7 24.Bf3 Nc5 25.Bd1 Bg6 26.b4 Rd3 27.Rc1 Ne6 28.g3 Red8 29.Nf1 Ng5
30.h4 Ne4 31.Bb2 Nd2 32.Ne3 e4 33.Kg2 Bd6 34.c5 Be7 35.Bc2 Nf3 36.Red1 Rxd1
37.Rxd1 Kf8 38.Rxd8+ Bxd8 39.Kf1 f6 40.Bc3 Bc7 41.Nd5 Be5 42.Bxe5 Nxe5 43.Nc3 Nc4
44.a4 f5 45.Ke1 Ke7 46.Nd5+ Kd7 47.Nc3 a6 48.Ne2 Bf7 49.Nd4 g6 50.g4  1-0

[Event "Bundesliga 2004-5"]
[Site "Preetzer GER"]
[Date "2004.11.28"]
[Round "4"]
[White "Ftacnik,L"]
[Black "Krivoshey,S"]
[Result "1-0"]
[WhiteElo "2533"]
[BlackElo "2499"]

1.d4 d5 2.c4 c6 3.Nf3 Nf6 4.Nc3 e6 5.e3 a6 6.b3 Bb4 7.Bd2 Nbd7 8.Bd3 Qe7
9.O-O e5 10.dxe5 Nxe5 11.Nxe5 Qxe5 12.Nxd5 Nxd5 13.cxd5 Bxd2 14.Qxd2 Qxd5
15.Rad1 O-O 16.Qb4 Qh5 17.Qe7 Bg4 18.f3 Be6 19.Qxb7 Qc5 20.Rfe1 Ra7 21.b4 Qxe3+
22.Rxe3 Rxb7 23.a3 a5 24.bxa5 Rb3 25.Kf2 Ra8 26.a6 Kf8 27.Bf1 Ke7 28.Rxb3 Bxb3
29.Rb1 Bd5 30.Ke3 Kd6 31.a4 h6 32.Kd4 Be6 33.Rb6 Rd8 34.Bc4 g5 35.Bxe6 fxe6
36.a7 Kc7+ 37.Kc5 Rd5+ 38.Kb4 Rd4+ 39.Ka5 Rd5+  1-0

[Event "ch-VIE"]
[Site "Ha Long City VIE"]
[Date "2004.11.29"]
[Round "4"]
[White "Nguyen Hoai Nam"]
[Black "Duong The Anh"]
[Result "0-1"]
[WhiteElo "2073"]
[BlackElo "2288"]

1.d4 d5 2.c4 c6 3.Nf3 Nf6 4.Nc3 e6 5.e3 Nbd7 6.Qc2 Bd6 7.g4 Bb4 8.Bd2 Bxc3
9.Bxc3 Ne4 10.Bb4 Qb6 11.Ba3 Qa5+ 12.Nd2 b5 13.cxb5 cxb5 14.f3 b4 15.Bxb4 Qxb4
16.fxe4 dxe4 17.a3 Qa5 18.b4 Qg5 19.Nc4 O-O 20.Qf2 Ba6 21.Nd6 Bxf1 22.Rxf1 Qd5
23.Qf4 f5 24.Rg1 g6 25.gxf5 exf5 26.Rc1 a5 27.b5 Rf6 28.Rc6 Rd8 29.Nb7 Rdf8
30.Nc5 Rxc6 31.bxc6 Nxc5 32.dxc5 Qxc5 33.Kf2 Qxc6 34.Kg3 Rd8 35.Rb1 Qd6 36.Rb5 a4
37.Rb4 Qd1 38.Rb8 Qd7 39.Rb4 Qd1 40.Rb8 Qg1+  0-1

[Event "17th Belgrade Trophy"]
[Site "Obrenovac SCG"]
[Date "2004.11.29"]
[Round "8"]
[White "Jokic,Mio"]
[Black "Muratovic,A"]
[Result "0-1"]
[WhiteElo "2208"]
[BlackElo "2376"]

1.d4 d5 2.c4 e6 3.Nc3 Nf6 4.Nf3 c6 5.e3 Be7 6.Bd3 O-O 7.O-O Nbd7 8.e4 dxe4
9.Nxe4 Nxe4 10.Bxe4 Qc7 11.Bc2 b6 12.Re1 Bb7 13.Qd3 Nf6 14.Bg5 g6 15.Ne5 Nh5
16.Bxe7 Qxe7 17.Qf3 Rad8 18.Rad1 Qb4 19.Re2 Ba8 20.a3 Qd6 21.g4 Ng7 22.Qf6 Qc7
23.Be4 Ne8 24.Qf3 Nd6 25.Bxc6 f6 26.Bxa8 fxe5 27.Qc6 Qe7 28.dxe5 Nf7 29.Rxd8 Qxd8
30.f3 Qxa8 31.Qxe6 Qxf3 32.Rf2 Qe3 33.Kg2 Qc5 34.Rc2 Qc7 35.Rf2 Rd8 36.h4 Qb7+
37.Kh2 Qd7 38.Qf6 Nh6  0-1

[Event "TCh-SLO"]
[Site "Celje SLO"]
[Date "2004.11.30"]
[Round "3"]
[White "Krumpacnik,D"]
[Black "Pavasovic,D"]
[Result "0-1"]
[WhiteElo "2344"]
[BlackElo "2581"]

1.d4 d5 2.c4 e6 3.Nf3 Nf6 4.Nc3 c6 5.e3 Nbd7 6.Bd3 dxc4 7.Bxc4 b5 8.Bd3 Bd6
9.O-O O-O 10.Ne4 Nxe4 11.Bxe4 Bb7 12.b3 f5 13.Bc2 c5 14.Bb2 Qc7 15.h3 Bd5
16.Qe2 Qb7 17.e4 fxe4 18.Ng5 Nf6 19.dxc5 Bxc5 20.Rae1 Bb4 21.Rd1 Rac8 22.a3 Bc3
23.Bxc3 Rxc3 24.Rfe1 Qc6 25.Rd2 Rc8 26.Bb1 Rc1 27.h4 Rxe1+ 28.Qxe1 Qc3 29.Bc2 Qe5
30.Re2 Qc3 31.Qxc3 Rxc3 32.Nxe4 Nxe4 33.Bxe4 Rxb3 34.a4 bxa4 35.Bxd5 exd5
36.Re7 a5 37.Kh2 a3 38.Re2 Rb2 39.Re3 a2 40.Ra3 d4 41.Kg3 Rb3+  0-1

[Event "XLIII WJun"]
[Site "Kochin IND"]
[Date "2004.11.30"]
[Round "13"]
[White "Tikkanen,H"]
[Black "Nadj Hedjesi,B"]
[Result "1-0"]
[WhiteElo "2338"]
[BlackElo "2337"]

1.d4 d5 2.c4 c6 3.Nc3 Nf6 4.Nf3 e6 5.e3 Nbd7 6.Qc2 Bd6 7.g4 dxc4 8.Bxc4 e5
9.g5 Nd5 10.Qe4 O-O 11.dxe5 Re8 12.Nxd5 cxd5 13.Qxd5 Nxe5 14.Nxe5 Rxe5 15.Qxf7+ Kh8
16.Bd2 Rxg5 17.Bc3 Bg4 18.h4 Bh5 19.hxg5 Bxf7 20.Bxf7 Qxg5 21.O-O-O Rc8 22.Rxd6 Qe7
23.Rhd1 b5 24.Rd7 Qg5 25.f4 Qf6 26.Bc4 Qf8 27.Bxg7+  1-0

[Event "17th Belgrade Trophy"]
[Site "Obrenovac SCG"]
[Date "2004.11.30"]
[Round "9"]
[White "Sajic,V"]
[Black "Smiljkovic,M"]
[Result "0-1"]
[WhiteElo "2117"]
[BlackElo "2005"]

1.d4 d5 2.c4 e6 3.Nc3 Nf6 4.Nf3 c6 5.e3 Bd6 6.Bd3 Nbd7 7.O-O O-O 8.e4 dxe4
9.Nxe4 Nxe4 10.Bxe4 Re8 11.Bc2 Nf8 12.Be3 Qc7 13.Re1 Bf4 14.Qd2 Bxe3 15.Qxe3 Bd7
16.c5 Red8 17.Ne5 Be8 18.Nc4 Qe7 19.Nd6 Rab8 20.Rad1 Nd7 21.Qg3 g6 22.f4 Qf6
23.f5 exf5 24.Bxf5 Nf8 25.Rf1 Qg7 26.Bc2 Nd7 27.Qf2 f5 28.Bb3+  0-1

[Event "TCh-SLO"]
[Site "Celje SLO"]
[Date "2004.12.02"]
[Round "5"]
[White "Mihalcisin,A"]
[Black "Mikac,M"]
[Result "1/2-1/2"]
[WhiteElo "2512"]
[BlackElo "2358"]

1.d4 d5 2.c4 c6 3.e3 Nf6 4.Nc3 e6 5.Nf3 Nbd7 6.Qc2 Bd6 7.e4 e5 8.cxd5 cxd5
9.exd5 O-O 10.Bg5 exd4 11.Nxd4 Nb6 12.O-O-O Bb4 13.Kb1 Bxc3 14.Qxc3 Nbxd5
15.Qb3 Qa5 16.Qb5 Qxb5 17.Bxb5 a6 18.Bc4 Re8 19.Rc1 h6 20.Bd2 Re4 21.Nf3 Re7
22.Rhd1 Bf5+ 23.Ka1 Nb6 24.Bf1 Rd8 25.Ba5 Rxd1 26.Rxd1 Nbd5 27.Nd4 Bd7 28.Bc4 b6
29.Be1 a5 30.a3 Bg4 31.Rc1 Rc7 32.Bd2 Bd7 33.f3 Rc8 34.b3 Kf8 35.Kb2 Ke7
36.g4 Kd6 37.Be1 Ke7 38.Bg3 Kf8 39.h4 Ne3 40.Bd6+ Kg8 41.Ba6 Rxc1 42.Kxc1 h5
43.Kd2 Ned5 44.g5 Ne8  1/2-1/2

[Event "Open"]
[Site "Porec HUN"]
[Date "2004.12.04"]
[Round "5"]
[White "Pelic,S"]
[Black "Nikolic,A"]
[Result "1-0"]
[WhiteElo "2013"]
[BlackElo "1856"]

1.d4 d5 2.c4 e6 3.Nf3 Nf6 4.Nc3 c6 5.e3 Be7 6.Bd3 Nbd7 7.O-O Qc7 8.h4 h5
9.e4 dxe4 10.Nxe4 Nxe4 11.Bxe4 Nf6 12.Re1 Bb4 13.Re2 Be7 14.a3 Ng4  1-0

[Event "TCh-SWE Elitserien 2004-5"]
[Site "Stockholm/Eksjo SWE"]
[Date "2004.12.04"]
[Round "4"]
[White "Loven,A"]
[Black "Brontz,A"]
[Result "1-0"]
[WhiteElo "2148"]
[BlackElo "2245"]

1.Nf3 e6 2.c4 Nf6 3.Nc3 d5 4.d4 c6 5.e3 Bd6 6.Bd3 Nbd7 7.O-O dxc4 8.Bxc4 b5
9.Bd3 e5 10.Ne4 Nxe4 11.Bxe4 Qc7 12.Qc2 Bb7 13.Bd2 g6 14.Rac1 Rc8 15.h3 O-O
16.b4 Rfe8 17.dxe5 Nxe5 18.Nxe5 Bxe5 19.Bf3 Bd6 20.Qb2 Qe7 21.Bc3 a5 22.a3 axb4
23.axb4 c5 24.Bf6 Qd7 25.Bxb7 Qxb7 26.Rfd1 Bf8 27.bxc5 Rxc5 28.Rxc5 Bxc5
29.Qd2 Bf8 30.Bb2 Qe4 31.Qc3 f6 32.Qxf6 Qe7 33.Qh8+ Kf7 34.Qxh7+ Ke6 35.Qxg6+  1-0

[Event "It Chiburdanidze"]
[Site "Tblisi GEO"]
[Date "2004.12.04"]
[Round "2"]
[White "Charkhalashvili,I"]
[Black "Nikoladze,S"]
[Result "1-0"]
[WhiteElo "2278"]
[BlackElo "2242"]

1.d4 d5 2.Nf3 c6 3.c4 Nf6 4.Nc3 e6 5.e3 Nbd7 6.Bd3 dxc4 7.Bxc4 b5 8.Bb3 Bd6
9.e4 b4 10.Ne2 Nxe4 11.Qc2 Ndf6 12.Ne5 Qc7 13.f3 Nc5 14.dxc5 Bxe5 15.f4 Ba6
16.fxe5 Qxe5 17.Bf4 Qh5 18.Ng3 Qg4 19.Bd6 h5 20.Qd1 Qh4 21.Qf3 Bb5 22.O-O-O a5
23.Qe3 O-O-O 24.Rd4 Ng4 25.Qf4 Qf6 26.Qxf6 Nxf6 27.a3 bxa3 28.bxa3 Nd5 29.Ne4 f6
30.Kb2 Rh6 31.Nc3 Rg6 32.g3 Nc7 33.Rhd1 Rg5 34.Ne4 Rf5 35.Bf4  1-0